000 01091nam2a22002411 4500
001 v19\rc\1897208
005 20250620093104.0
035 _a(NLR Aleph) 005263270
090 _a5923274
_c5923274
100 _a20080221d1912 |||y0rusy50 ca
101 0 _arus
_ager
102 _aRU
105 _ay z |||||
200 0 _a... за 1911 г.
210 _d[1912]
_aБ. м.
461 0 _1001v19\rc\1897206
_12001#$aОтчет о деятельности Общества попечения о бедных еврейских детях в гор. Риге "Друг детей"...$v... за 1911 г.
_95923254
_a"Друг детей", о-во (Рига)
_cРига
_d1911-1913
_p3 т.
_tОтчет о деятельности Общества попечения о бедных еврейских детях в гор. Риге "Друг детей"...
_v... за 1911 г.
801 0 _aRU
_bNLR
_c20080221
_gpsbo
801 0 _aRU
_bRuMoRGB
_c20080221
_2psbo
801 1 _aRU
_bProSoft-M
_c20080221
_2rusmarc
801 2 _aRU
_bNLR
_c20090805
_2rusmarc
852 _aNLR
_j18.157.4.48
942 _cBOOK
980 _aNB